Oxford handbook of reproductive medicine and family planning. / (Record no. 6510)
[ view plain ]
| 000 -LEADER | |
|---|---|
| fixed length control field | 01603nam a22001817a 4500 |
| 008 - FIXED-LENGTH DATA ELEMENTS--GENERAL INFORMATION | |
| fixed length control field | 180209b xxu||||| |||| 00| 0 eng d |
| 020 ## - INTERNATIONAL STANDARD BOOK NUMBER | |
| International Standard Book Number | 9780199203802 |
| 050 ## - LIBRARY OF CONGRESS CALL NUMBER | |
| Classification number | RG136.O94 |
| 245 ## - TITLE STATEMENT | |
| Title | Oxford handbook of reproductive medicine and family planning. / |
| Statement of responsibility, etc. | edited by Enda McVeigh, John Guillebaud and Roy Homburg |
| 260 ## - PUBLICATION, DISTRIBUTION, ETC. | |
| Place of publication, distribution, etc. | New York: |
| Name of publisher, distributor, etc. | Oxford University Press, |
| Date of publication, distribution, etc. | 2008. |
| 300 ## - PHYSICAL DESCRIPTION | |
| Extent | xxii, 451p.: |
| Other physical details | ills.; |
| Dimensions | 19cm |
| 500 ## - GENERAL NOTE | |
| General note | Includes index. |
| 505 ## - FORMATTED CONTENTS NOTE | |
| Formatted contents note | Contents: Part 1: Reproductive medicine: Sexual differentiation -- Steroid hormones -- Menarche and adolescent gynaecology -- Ovaries and the menstrual cycle -- Polycystic ovary syndrome -- Hirsutism and virilization -- Amenorrhoea and oligomenorrhoea -- Menopause and hormone replacement therapy -- Initial advice to those concerned about delays in conception -- Defining infertility -- Investigation of fertility problems -- Management strategies for fertility problems -- Male infertility -- Ovulation induction -- Tubal and uterine disorders -- Medical and surgical management of endometriosis -- Intra-uterine insemination -- In vitro fertilization and associated assisted conception techniques -- Part 2: Contraception and family planning: Fertility and fertility awareness -- Male contraception -- Vaginal methods -- The combined oral contraceptive (COC) -- Progestogen-only pill(POP) -- Injectables -- Contraceptive implants -- Intra-uterine contraception -- Postcoital contraception -- Sterilization -- Special considerations. |
| 700 ## - ADDED ENTRY--PERSONAL NAME | |
| Personal name | McVEIGH, Enda |
| 700 ## - ADDED ENTRY--PERSONAL NAME | |
| Personal name | GUILLEBAUD, John |
| 700 ## - ADDED ENTRY--PERSONAL NAME | |
| Personal name | HOMBURG, Roy |
| 942 ## - ADDED ENTRY ELEMENTS (KOHA) | |
| Source of classification or shelving scheme | Library of Congress Classification |
| Koha item type | Books |
| Withdrawn status | Lost status | Source of classification or shelving scheme | Damaged status | Not for loan | Home library | Current library | Shelving location | Date acquired | Total Checkouts | Full call number | Barcode | Date last seen | Copy number | Price effective from | Koha item type |
|---|---|---|---|---|---|---|---|---|---|---|---|---|---|---|---|
| Library of Congress Classification | WISCONSIN INTERNATIONAL UNIVERSITY COLLEGE, GHANA - MAIN LIBRARY | WISCONSIN INTERNATIONAL UNIVERSITY COLLEGE, GHANA - MAIN LIBRARY | nursing | 09/02/2018 | RG136.O94 | NURS/356/018/18 | 09/02/2018 | 1 | 09/02/2018 | Books | |||||
| Library of Congress Classification | WISCONSIN INTERNATIONAL UNIVERSITY COLLEGE, GHANA - MAIN LIBRARY | WISCONSIN INTERNATIONAL UNIVERSITY COLLEGE, GHANA - MAIN LIBRARY | nursing | 09/02/2018 | RG136.O941 | NURS/357/019/18 | 09/02/2018 | 2 | 09/02/2018 | Books |
